Normal view
MARC view
Entry Personal Name
001 - CONTROL NUMBER
- control field: 1237538
003 - CONTROL NUMBER IDENTIFIER
- control field: OSt
005 - DATE AND TIME OF LATEST TRANSACTION
- control field: 20260430150441.0
008 - FIXED-LENGTH DATA ELEMENTS
- fixed length control field: 260430|| aca||aabn | a|a d
040 ## - CATALOGING SOURCE
- Original cataloging agency: OSt
- Transcribing agency: OSt
100 ## - HEADING--PERSONAL NAME
- Personal name: Sharma Pooja Au.; Chakraborty Amitava Gu.; Tekchandani Ravi Prakash Gu
670 ## - SOURCE DATA FOUND
- Source citation: Work cat.: (OSt)1849809: Sharma Pooja Au.; Chakraborty Amitava Gu.; Tekchandani Ravi Prakash Gu., Sindhi and Punjabi Folk Narratives: A Study of Cultural Continuum and Blurred Boundaries, 2023
